000 00809nam a2200253Ia 4500
003 OSt
005 20220928113552.0
006 a|||||r|||| 00| 0
007 ta
008 220927b |||||||| |||| 00| 0 eng d
020 _c200
024 _a106285
037 _b546, 01/02/2010, Pioneer Book Distributors
_cTextual
040 _aSDCL
_cSDCL
_beng
041 _2eng
_aeng
082 _aXM2, P9
100 _aHabib Irfan Ed.
_9371154
245 0 _aOn Socialism
_b Selections from writings of Karl Marx ,Frederick Engels ,V.I.Lenin ,J,V,Stalin ,Mao Zedong
260 _aNew Delhi
_bTulika Books
_c2009
300 _avii,196p
_ccm.
650 _aPolitical Science
942 _hXM2, P9
_cTEXL
_2CC
999 _c750249
_d750249